000 01477nam a2200325Ia 4500
001 ebr10032422
003 CaPaEBR
006 m u
007 cr cn|||||||||
008 020726s2002 dcuab sb 001 0 eng d
010 _z 2002012032
020 _z0309083214 (pbk.)
040 _aCaPaEBR
_cCaPaEBR
035 _a(OCoLC)52863257
050 1 4 _aHV6548.U5
_bR43 2002eb
082 0 4 _a362.28/7/0973
_221
245 0 0 _aReducing suicide
_h[electronic resource] :
_ba national imperative /
_cS.K. Goldsmith ... [et al.], editors ; Committee on Pathophysiology and Prevention of Adolescent and Adult Suicide, Board on Neuroscience and Behavioral Health, Institute of Medicine.
260 _aWashington, D.C. :
_bNational Academies Press,
_cc2002.
300 _axv, 496 p. :
_bill., maps.
504 _aIncludes bibliographical references and index.
533 _aElectronic reproduction.
_bPalo Alto, Calif. :
_cebrary,
_d2013.
_nAvailable via World Wide Web.
_nAccess may be limited to ebrary affiliated libraries.
650 0 _aSuicide
_zUnited States.
650 0 _aSuicide
_zUnited States
_xPrevention.
650 0 _aSuicidal behavior
_xTreatment
_zUnited States.
650 0 _aSuicidal behavior
_xRisk factors
_zUnited States.
655 7 _aElectronic books.
_2local
700 1 _aGoldsmith, Sara K.
710 2 _aebrary, Inc.
856 4 0 _uhttp://site.ebrary.com/lib/rucke/Doc?id=10032422
_zAn electronic book accessible through the World Wide Web; click to view
999 _c63057
_d63057